[Event "Budapest-chT1 Lilienthal 1718"]
[Site "Budapest"]
[Date "2018.02.25"]
[Round "10"]
[White "Madar, Gergely"]
[Black "Czagler, Laszlo"]
[Result "0-1"]
[WhiteElo "1261"]
[BlackElo "1498"]
[PlyCount "72"]
[EventDate "2017.10.01"]
[EventType "team-tourn"]
[EventRounds "13"]
[EventCountry "HUN"]
[SourceTitle "EXT 2021"]
[Source "ChessBase"]
[SourceDate "2020.10.23"]
[SourceVersion "1"]
[SourceVersionDate "2020.10.23"]
[SourceQuality "1"]
[WhiteTeam "Budapest Ujpest KSE"]
[BlackTeam "Csepel"]
[WhiteTeamCountry "HUN"]
[BlackTeamCountry "HUN"]

1. e4 e6 2. d4 d5 3. e5 c5 4. Nf3 Nc6 5. c3 Nh6 6. Bxh6 gxh6 7. Nbd2 cxd4 8. cxd4 Bg7 9. Bb5 Bd7 10. Qb3 Ne7 11. 0-0 Bxb5 12. Qxb5+ Qd7 13. Qxd7+ Kxd7 14. Nb3 b6 15. a4 Nc6 16. g3 Rhc8 17. a5 Nb4 18. Rac1 Nd3 19. Rxc8 Rxc8 20. Rb1 Rc2 21. axb6 axb6 22. Nbd2 Rxb2 23. Ra1 Rc2 24. Ra7+ Rc7 25. Ra3 Rc1+ 26. Nf1 Nb2 27. Ra7+ Rc7 28. Rxc7+ Kxc7 29. N1d2 Nc4 30. Kf1 Kc6 31. Ke2 f6 32. Nxc4 dxc4 33. Kd2 Kd5 34. exf6 Bxf6 35. Kc3 b5 36. g4 Bxd4+ 0-1

[Event "Budapest-chT1 Lilienthal 1718"]
[Site "Budapest"]
[Date "2018.01.14"]
[Round "6"]
[White "Madar, Gergely"]
[Black "Pilmayer, Katalin Viola B"]
[Result "1-0"]
[WhiteElo "1261"]
[BlackElo "1524"]
[PlyCount "97"]
[EventDate "2017.10.01"]
[EventType "team-tourn"]
[EventRounds "13"]
[EventCountry "HUN"]
[SourceTitle "EXT 2021"]
[Source "ChessBase"]
[SourceDate "2020.10.23"]
[SourceVersion "1"]
[SourceVersionDate "2020.10.23"]
[SourceQuality "1"]
[WhiteTeam "Budapest Ujpest KSE"]
[BlackTeam "Penzugyor III"]
[WhiteTeamCountry "HUN"]
[BlackTeamCountry "HUN"]

1. e4 c5 2. c3 e6 3. d4 cxd4 4. cxd4 Nf6 5. e5 Nd5 6. Nf3 Bb4+ 7. Bd2 Qb6 8. Nc3 Nc6 9. Nxd5 exd5 10. Bc3 0-0 11. Bd3 d6 12. h3 dxe5 13. dxe5 d4 14. Bxb4 Qxb4+ 15. Qd2 Qb6 16. 0-0 Be6 17. Be4 Rfd8 18. Rfd1 Bd5 19. Bxd5 Rxd5 20. Re1 Re8 21. Rad1 Re6 22. Re4 f6 23. Rg4 fxe5 24. Re4 Rb5 25. b3 Rc5 26. Qg5 Rg6 27. Qf5 Qc7 28. Ng5 Nd8 29. Kf1 Rc1 30. Rxc1 Qxc1+ 31. Re1 Qxg5 32. Qe4 Nc6 33. Qd5+ Kf8 34. b4 d3 35. b5 Nd8 36. Qc5+ Kg8 37. Qd5+ Kh8 38. Rxe5 Qc1+ 39. Re1 Qxe1+ 40. Kxe1 Re6+ 41. Kd1 Re8 42. Qxd3 Nf7 43. Qf3 Nd6 44. a4 Rd8 45. Ke1 Re8+ 46. Kf1 Nc4 47. Qxb7 Ne5 48. Qxa7 Nd3 49. Kg1 1-0